| 000 -LEADER |
| fixed length control field |
nam a22 a 4500 |
| 003 - CONTROL NUMBER IDENTIFIER |
| control field |
AKMAL |
| 005 - DATE AND TIME OF LATEST TRANSACTION |
| control field |
20170523093708.0 |
| 008 - FIXED-LENGTH DATA ELEMENTS--GENERAL INFORMATION |
| fixed length control field |
170523s2007 my a e | 000 0 may d |
| 020 ## - INTERNATIONAL STANDARD BOOK NUMBER |
| International Standard Book Number |
9789833655823 (kkt.) : |
| Terms of availability |
RM40.00 |
| 039 #9 - LEVEL OF BIBLIOGRAPHIC CONTROL AND CODING DETAIL [OBSOLETE] |
| Level of rules in bibliographic description |
200804301542 |
| Level of effort used to assign nonsubject heading access points |
suzila |
| Level of effort used to assign subject headings |
200804091151 |
| Level of effort used to assign classification |
fadilah |
| Level of effort used to assign subject headings |
200712061721 |
| Level of effort used to assign classification |
suzilawati |
| Level of effort used to assign subject headings |
200710310921 |
| Level of effort used to assign classification |
nurulnaida |
| 040 ## - CATALOGING SOURCE |
| Original cataloging agency |
AKMAL |
| 082 04 - DEWEY DECIMAL CLASSIFICATION NUMBER |
| Classification number |
658.45 KOM |
| Edition number |
22 |
| 090 00 - LOCALLY ASSIGNED LC-TYPE CALL NUMBER (OCLC); LOCAL CALL NUMBER (RLIN) |
| Classification number (OCLC) (R) ; Classification number, CALL (RLIN) (NR) |
658.45 |
| Local cutter number (OCLC) ; Book number/undivided call number, CALL (RLIN) |
KOM |
| 245 00 - TITLE STATEMENT |
| Title |
Komunikasi kepimpinan : |
| Remainder of title |
menangani cabaran global / |
| Statement of responsibility, etc. |
penyelenggara, Syd Abdul Rahman Syd Zin, Bahtiar Mohamad |
| 260 ## - PUBLICATION, DISTRIBUTION, ETC. |
| Place of publication, distribution, etc. |
Petaling Jaya : |
| Name of publisher, distributor, etc. |
Prentice Hall, |
| Date of publication, distribution, etc. |
2007 |
| 300 ## - PHYSICAL DESCRIPTION |
| Extent |
x, 204ms. ; |
| Dimensions |
24cm. |
| 504 ## - BIBLIOGRAPHY, ETC. NOTE |
| Bibliography, etc. note |
Mengandungi rujukan bibliografi |
| 650 10 - SUBJECT ADDED ENTRY--TOPICAL TERM |
| Topical term or geographic name entry element |
Communication in management |
| 9 (RLIN) |
2708 |
| 650 20 - SUBJECT ADDED ENTRY--TOPICAL TERM |
| Topical term or geographic name entry element |
Communication in organizations |
| 9 (RLIN) |
2707 |
| 650 20 - SUBJECT ADDED ENTRY--TOPICAL TERM |
| Topical term or geographic name entry element |
Leadership |
| 9 (RLIN) |
120 |
| 700 0# - ADDED ENTRY--PERSONAL NAME |
| Personal name |
Syd Abdul Rahman Hj Syd Zin |
| 9 (RLIN) |
6990 |
| 700 0# - ADDED ENTRY--PERSONAL NAME |
| Personal name |
Bahtiar Mohamad |
| 9 (RLIN) |
6991 |
| 942 ## - ADDED ENTRY ELEMENTS (KOHA) |
| Source of classification or shelving scheme |
|
| Koha item type |
Book |